000 00804nam a22002297a 4500
005 20251108172949.0
008 250721s2005 xx 000 0 ara d
020 _a9957380036
082 1 4 _a372.241/ حوا
100 1 _aحوامدة، باسم علي
_eمؤلف
245 1 0 _aتعليم اللغة العربية للصفوف الثلاثة الأولى :النظرية و التطبيق /
264 1 _aعمان :
_bدار جرير للنشر و التوزيع،
_c2005.
300 _a197ص.
650 1 7 _aالتعليم الابتدائي
650 1 7 _aاللغة العربية
650 1 7 _aالمدارس الابتدائية
650 1 7 _aأساليب التدريس
650 1 7 _aالتدريس
700 1 _aأبوشريخ، شاهر ذيب
942 _2ddc
_cBK
999 _c92895
_d92895